000 00743nam a2200241 i 4500
003 DO-SdBNP
005 20250127090746.0
007 ta
008 250127b2013 dr ||||| |||| 00| 0 spa d
020 _a9789945489781
040 _aDO-SdBNP
_bspa
_cBNPHU
_erda
082 4 _axxxx
_bL6979
_222
100 _924388
245 1 0 _aLos libros de la isla desierta :
_bescritores dominicanos reflexionan sobre su libro predilecto /
_cCarlos X Ardavín Trabanco editor
264 4 _aSanto Domingo :
_bSantuario,
_c2013.
300 _a177 páginas ;
_c24 cm.
336 _atexto
_btxt
_2rdacontent
337 _asin mediación
_bn
_2rdamedia
338 _avolumen
_bnc
_2rdacarrier
590 _aInventariado, 2025/DG
910 _aDG
942 _2ddc
_cLBS1
999 _c58086
_d58086